Germs are not for sharing / (Record no. 3380)

MARC details
000 -LEADER
fixed length control field 00850cam a22002774a 4500
005 - DATE AND TIME OF LATEST TRANSACTION
control field 20250624093530.0
020 ## - INTERNATIONAL STANDARD BOOK NUMBER
International Standard Book Number 9781575421971
040 ## - CATALOGING SOURCE
Original cataloging agency DLC
Transcribing agency DLC
Modifying agency DLC
Language of cataloging eng
050 00 - LIBRARY OF CONGRESS CALL NUMBER
Classification number RA780.V47
082 00 - DEWEY DECIMAL CLASSIFICATION NUMBER
Classification number 613
100 1# - MAIN ENTRY--PERSONAL NAME
Personal name Verdick, Elizabeth
245 10 - TITLE STATEMENT
Title Germs are not for sharing /
Statement of responsibility, etc. Elizabeth Verdick ; illustrated by Marieka Heinlen
260 ## - PUBLICATION, DISTRIBUTION, ETC.
Place of publication, distribution, etc. Minneapolis :
Name of publisher, distributor, etc. Free Spirit Publishing,
Date of publication, distribution, etc. 2006
300 ## - PHYSICAL DESCRIPTION
Extent 35 pages :
Other physical details col. ill. ;
Dimensions 24 cm.
490 ## - SERIES STATEMENT
Series statement Best Behavior Series
505 ## - FORMATTED CONTENTS NOTE
Formatted contents note J <br/>
520 ## - SUMMARY, ETC.
Summary, etc. Describes what germs are and what they can do.
521 ## - TARGET AUDIENCE NOTE
Target audience note 490 <br/>
Source Lexile <br/>
521 ## - TARGET AUDIENCE NOTE
Target audience note J <br/>
Source Raz-Plus <br/>
650 #0 - SUBJECT ADDED ENTRY--TOPICAL TERM
Topical term or geographic name entry element Hygiene
Form subdivision Juvenile literature
650 #0 - SUBJECT ADDED ENTRY--TOPICAL TERM
Topical term or geographic name entry element Bacteria
Form subdivision Juvenile literature
700 1# - ADDED ENTRY--PERSONAL NAME
Personal name Heinlen, Marieka
906 ## - LOCAL DATA ELEMENT F, LDF (RLIN)
a 7
b cbc
c orignew
d 1
e ecip
f 20
g y-gencatlg
942 ## - ADDED ENTRY ELEMENTS (KOHA)
Source of classification or shelving scheme Dewey Decimal Classification
Koha item type Books
Suppress in OPAC No
999 ## -
-- 3380
-- 3380
Holdings
Withdrawn status Lost status Source of classification or shelving scheme Damaged status Not for loan Collection Home library Current library Shelving location Date acquired Total Checkouts Full call number Barcode Date last seen Date last checked out Copy number Price effective from Koha item type
    Dewey Decimal Classification     Non-Fiction Footprints International School Library Network Toul Tom Poung Campus Footprints International School Library Network Toul Tom Poung Campus TTP Primary Dark Blue Bookshelves 02/29/2024 1 VER 613 RA780.V47 FISTK02726 05/16/2025 05/07/2025 1 02/29/2024 Books
    Dewey Decimal Classification     Non-Fiction Footprints International School Library Network Toul Tom Poung Campus Footprints International School Library Network Toul Tom Poung Campus TTP Primary Dark Blue Bookshelves 06/24/2025   VER 613 RA780.V47 FIS03325 06/24/2025   2 06/24/2025 Books